Economía social agraria (Registro nro. 5524)
[ vista simple ]
| 000 -LEADER | |
|---|---|
| fixed length control field | 01241 a2200217 4500 |
| 001 - CONTROL NUMBER | |
| control field | 54364 |
| 005 - DATE AND TIME OF LATEST TRANSACTION | |
| control field | 20260407155816.0 |
| 008 - FIXED-LENGTH DATA ELEMENTS--GENERAL INFORMATION | |
| fixed length control field | 260407a1984 arg spa d |
| 003 - CONTROL NUMBER IDENTIFIER | |
| control field | AR-UNSa-BCEJYS |
| 040 ## - CATALOGING SOURCE | |
| Original cataloging agency | AR-UNSa-BCEJYS |
| Language of cataloging | spa |
| Transcribing agency | AR-UNSa-BCEJYS |
| 080 ## - UNIVERSAL DECIMAL CLASSIFICATION NUMBER | |
| Universal Decimal Classification number | 338.43 |
| Common auxiliary subdivision | Agricultura como una rama de la economía. Economía de los productos alimenticios |
| 020 ## - INTERNATIONAL STANDARD BOOK NUMBER | |
| International Standard Book Number | 950-14-0206-1 |
| 041 ## - LANGUAGE CODE | |
| Language code of text/sound track or separate title | spa |
| 100 1# - MAIN ENTRY--PERSONAL NAME | |
| Personal name | Carracedo, Orlando |
| 245 10 - TITLE STATEMENT | |
| Title | Economía social agraria |
| Name of part/section of a work | teoría y acción del cooperativismo en el ámbito rural |
| 264 #1 - PRODUCTION, PUBLICATION, DISTRIBUTION, MANUFACTURE, AND COPYRIGHT NOTICE | |
| Place of production, publication, distribution, manufacture | Buenos Aires : |
| Name of producer, publisher, distributor, manufacturer | Ediciones Depalma |
| Date of production, publication, distribution, manufacture, or copyright notice | 1984 |
| 300 ## - PHYSICAL DESCRIPTION | |
| Extent | 433 p. |
| Dimensions | 23 cm. |
| 505 ## - FORMATTED CONTENTS NOTE | |
| Formatted contents note | 1. Las líneas distintivas del desarrollo Argentino – 2. Unidad de explotación agraria y concentración vertical cooperativa – 3. Acción cooperativa agraria – 4. Un lustro de reivindicaciones agrarias: 1928/33 – 5. La implantación de un sistema general de elevadores de granos – 6. La asociación de cooperativas Argentinas y la primera red de elevadores de granos en la afluencia al puerto de rosario – 7. 1932. La dura batalla – 8. La defensa de la producción agropecuaria – 9. Cooperativismo agrario y desarrollo económico. |
| 590 ## - LOCAL NOTE (RLIN) | |
| Local note | niveau_biblio:m niveau_hierar:0 |
| 942 ## - ADDED ENTRY ELEMENTS (KOHA) | |
| Koha item type | |
| Withdrawn status | Lost status | Damaged status | Not for loan | Home library | Current library | Shelving location | Date acquired | Total checkouts | Full call number | Barcode | Date last seen | Price effective from | Koha item type |
|---|---|---|---|---|---|---|---|---|---|---|---|---|---|
| Biblioteca Prof. Eusebio Cleto del Rey | Biblioteca Prof. Eusebio Cleto del Rey | 07/04/2026 | 338.43 C311 | L45928 | 07/04/2026 | 07/04/2026 | Libro |